000 00447nam a22001457a 4500
008 190619b xxu||||| |||| 00| 0 eng d
020 _a0029411440
050 _aQ 121
_b.T974 1991 vol.4
100 _aClint Twist
245 _aMacMillan encyclopedia of science:
_bLife on earth /
_cClint Twist
260 _aNew York:
_bMacMillan Publishing Company
_c1991.
300 _a96 p. ; col. ill. : 280 cm.
440 _aLife on earth
942 _2lcc
_cBK
999 _c361907
_d361907